000 00577 a2200157 4500
999 _c10610
_d10610
020 _a9780718188917
050 _aTX722.KHO 2018
100 _aKhoo, Rachel
_eauthor
245 _aThe little Swedish kitchen :
_bover 100 recipes to celebrate every season /
_c Khoo, Rachel
264 _aLondon, England:
_bMichael Joseph, an imprint of Penguin Books,
_c2018
300 _a302 pages : color illustrations ; 26 cm
500 _aIncludes index.
650 _aCooking, Swedish.
650 _aCOOKING
_x Methods -- Garnishing & Food Presentation.
942 _2lcc
_cBK
_h722
_iKHO
_kTX